|
|
|
|
| LEADER |
00000nam0a2200000 4500 |
| 001 |
23174 |
| 005 |
20231101205531.0 |
| 010 |
|
|
|a 585921054075
|
| 035 |
|
|
|a (RuTPU)RU\TPU\book\23392
|
| 035 |
|
|
|a BOOK00023464
|
| 090 |
|
|
|a 23174
|
| 100 |
|
|
|a 20011209d2000 m y0rusy50 ca
|
| 101 |
0 |
|
|a rus
|
| 102 |
|
|
|a RU
|
| 105 |
|
|
|a y j 000zy
|
| 200 |
1 |
|
|a Введение в теорию технологических процессов
|e Конспект лекций для студентов технических вузов
|f С. А. Кутолин, Г. М. Писиченко
|
| 210 |
|
|
|a Новосибирск
|c Chem.Lab.NCD
|d 2000
|
| 215 |
|
|
|a 174 с.
|
| 606 |
1 |
|
|a Информационные технологии
|x Применение в химии
|2 stltpush
|3 (RuTPU)RU\TPU\subj\80816
|9 88378
|
| 610 |
1 |
|
|a химия
|
| 610 |
1 |
|
|a электрохимия
|
| 610 |
1 |
|
|a электролиз
|
| 610 |
1 |
|
|a дисперсные системы
|
| 610 |
1 |
|
|a коллоидные системы
|
| 610 |
1 |
|
|a органическая химия
|
| 610 |
1 |
|
|a учебные пособия
|
| 675 |
|
|
|a 54:004(075.8)
|v 3
|
| 675 |
|
|
|a 620.22:54(075.8)
|v 3
|
| 700 |
|
1 |
|a Кутолин
|b С. А.
|g Сергей Александрович
|
| 701 |
|
1 |
|a Писиченко
|b Г. М.
|g Григорий Митрофанович
|
| 801 |
|
0 |
|a RU
|b 63413507
|c 20011209
|g PSBO
|
| 801 |
|
2 |
|a RU
|b 63413507
|c 20221017
|g PSBO
|
| 900 |
|
|
|a Химия
|
| 942 |
|
|
|c BK
|